Total Project Management The Indian Context (Record no. 3940)

MARC details
000 -LEADER
fixed length control field 00326nam a2200133Ia 4500
008 - FIXED-LENGTH DATA ELEMENTS--GENERAL INFORMATION
fixed length control field 191201s2008 xx 000 0 und d
082 ## - DEWEY DECIMAL CLASSIFICATION NUMBER
Classification number 658.404
Item number JOT
100 ## - MAIN ENTRY--PERSONAL NAME
Personal name JOY, P.K.
245 #0 - TITLE STATEMENT
Title Total Project Management The Indian Context
260 ## - PUBLICATION, DISTRIBUTION, ETC. (IMPRINT)
Place of publication, distribution, etc N.Delhi
Name of publisher, distributor, etc Macmillan
Date of publication, distribution, etc 2008
300 ## - PHYSICAL DESCRIPTION
Extent 600
650 ## - SUBJECT ADDED ENTRY--TOPICAL TERM
Topical term or geographic name as entry element MBA
942 ## - ADDED ENTRY ELEMENTS (KOHA)
Source of classification or shelving scheme Dewey Decimal Classification
Koha item type Text Books
Holdings
Withdrawn status Lost status Source of classification or shelving scheme Damaged status Not for loan Collection code Home library Current library Date acquired Source of acquisition Cost, normal purchase price Bill Number Total Checkouts Full call number Acc. no. / Barcode Date last seen Date last borrowed Bill Date Koha item type Public note
    Dewey Decimal Classification     MBA PIET C-LIBRARY PIET C-LIBRARY 06/04/2009 J B C, New Delhi 460.00 SI-6329 1 658.404 JOT 12237 25/11/2023 22/01/2022 14/03/2009 Text Books .
    Dewey Decimal Classification     MBA PIET C-LIBRARY PIET C-LIBRARY 06/04/2009 J B C, New Delhi 460.00 SI-6329   658.404 JOT 12238 04/12/2019   14/03/2009 Text Books  
    Dewey Decimal Classification     MBA PIET C-LIBRARY PIET C-LIBRARY 06/04/2009 J B C, New Delhi 460.00 SI-6329   658.404 JOT 12239 04/12/2019   14/03/2009 Text Books  
    Dewey Decimal Classification     MBA PIET C-LIBRARY PIET C-LIBRARY 06/04/2009 J B C, New Delhi 460.00 SI-6329   658.404 JOT 12240 04/12/2019   14/03/2009 Text Books  
    Dewey Decimal Classification     MBA PIET C-LIBRARY PIET C-LIBRARY 06/04/2009 J B C, New Delhi 460.00 SI-6329   658.404 JOT 12241 04/12/2019   14/03/2009 Text Books  
    Dewey Decimal Classification     MBA PIET C-LIBRARY PIET C-LIBRARY 06/04/2009 J B C, New Delhi 460.00 SI-6329   658.404 JOT 12242 04/12/2019   14/03/2009 Text Books  

Design & Developed by: PIET Central Library
R70 Miles Stone Pattikalyana Samalkha Panipat 132102
mail ID :- [email protected], Phone No:- 0180-2569700 Ex.216